Primer congreso de biología de la conservación. tercer simposio sobre biodiversidad y conservación de ecosistemas de montaña (Registro nro. 1698)

Detalles MARC
000 -CABECERA
Campo de control 00943nam a2200253 a 4500
005 - FECHA Y HORA DE LA ULTIMA TRANSACCION
Campo de control 20191224041611.0
008 - ELEMENTOS DE LONGITUD FIJA—INFORMACION GENERAL
Campo de control 140310b1997 ck a gr|||| 00| 0 spa d
040 ## - FUENTE DE CATALOGACIÓN
Agencia catalogadora original CO-BoIAVH
Agencia transcriptora CO-BoIAVH
041 ## - IDIOMA
Código de idioma para texto/pista de sonido o título separado Español
044 ## - PAÍS DE PUBLICACIÓN
País de publicación Colombia
082 #4 - NUMERO DE CLASIFICACION DECIMAL DEWEY
Número de clasificación 333.9516079
Número del ítem C74p
111 2# - ASIENTO PRINCIPAL--NOMBRE DE REUNION
Nombre de reunión o de jurisdicción como elemento de entrada Congreso de Biología de la Conservación
Lugar de la reunión Cali
Fecha de la reunión 1997
9 (RLIN) 53235
245 1# - MENCION DE TITULO
Título Primer congreso de biología de la conservación. tercer simposio sobre biodiversidad y conservación de ecosistemas de montaña
260 ## - PUBLICACION, DISTRIBUCION, ETC. (PIE DE IMPRENTA)
Lugar de publicación, distribución, etc. Villa de Leyva (Boyacá)
Nombre del editor, distribuidor, etc. Instituto Alexander von Humboldt
Fecha de publicación, distribución, etc. 1997
300 ## - DESCRIPCION FISICA
Extensión 22 paginas.
Otros detalles físicos ilustraciones.;
Dimensiones 28 x 22 cm.
650 #4 - ASIENTO SECUNDARIO DE MATERIA - TERMINO TEMATICO
Término temático o nombre geográfico como elemento de entrada Biología de la conservación
9 (RLIN) 3740
650 #4 - ASIENTO SECUNDARIO DE MATERIA - TERMINO TEMATICO
Término temático o nombre geográfico como elemento de entrada Biodiversidad
9 (RLIN) 92204
650 #4 - ASIENTO SECUNDARIO DE MATERIA - TERMINO TEMATICO
Término temático o nombre geográfico como elemento de entrada Conservación de ecosistemas
9 (RLIN) 53238
650 #4 - ASIENTO SECUNDARIO DE MATERIA - TERMINO TEMATICO
Término temático o nombre geográfico como elemento de entrada Ecosistemas de montaña
9 (RLIN) 53239
650 #4 - ASIENTO SECUNDARIO DE MATERIA - TERMINO TEMATICO
Término temático o nombre geográfico como elemento de entrada Resumenes analíticos
9 (RLIN) 4140
650 #4 - ASIENTO SECUNDARIO DE MATERIA - TERMINO TEMATICO
Término temático o nombre geográfico como elemento de entrada Investigación científica
9 (RLIN) 53240
662 ## - ASIENTO SECUNDARIO DE MATERIA - JERARQUIA DEL NOMBRE DE LUGAR(
País o entidad mayor Colombia
942 ## - ELEMENTOS ADICIONALES (KOHA)
Tipo de ítem Libro
Sistema de clasificación Dewey Decimal Classification
Existencias
Withdrawn status Lost status Sistema de Clasificación Damaged status No para préstamo Colección Ubicación Permanente Ubicación actual Fecha de adquisición Fuente de Valor Total Checkouts Número topográfico Inventario / Código de Barras Date last seen Ejemplar Price effective from Tipo de material Inventariado Valor Forma de adquisición
    Local     General Bogotá Bogotá 13/02/1998 CID Humboldt   LB-03033 003518 18/04/2013 Ej.2 04/12/2012 Libro      
    Dewey Decimal Classification     General Bogotá Bogotá 01/12/2005 Instituto   LB-333.9516079 C74p 022471 04/12/2012 Ej.1 04/12/2012 Libro Inventariado 2017 39000.00  
    Dewey Decimal Classification     General Sala Fabio Quevedo Sala Fabio Quevedo 01/12/2005 Instituto   LB-333.9516079 C74p 015600 04/12/2012 Ej. 3 04/12/2012 Libro Inventariado 2017 39000.00 Donación